Decentralizácia verejnej správy a hodnotenie jej vplyvu na základné prvky ekonomiky vo vybraných mestách Slovenskej republiky
Prezentácia výsledkov primárneho výskumu v mestách SR, ktorý sa realizoval v priebehu roku 2007 k problematike vyjadrenia vplyvu decentralizácie verejnej správy na základné prvky ekonomiky miestnej samosprávy.
Gespeichert in:
| 1. Verfasser: | |
|---|---|
| Format: | Buchkapitel |
| Sprache: | Slowakisch |
| Schlagworte: | |
| Tags: |
Keine Tags, Fügen Sie das erste Tag hinzu!
|
MARC
| LEADER | 00000nla$a2200000$$$4500 | ||
|---|---|---|---|
| 001 | 0145366 | ||
| 005 | 20220411123503.4 | ||
| 041 | 0 | |a slo | |
| 044 | |a SK | ||
| 245 | 1 | 0 | |a Decentralizácia verejnej správy a hodnotenie jej vplyvu na základné prvky ekonomiky vo vybraných mestách Slovenskej republiky |c Jozef Krnáč |
| 520 | |a Prezentácia výsledkov primárneho výskumu v mestách SR, ktorý sa realizoval v priebehu roku 2007 k problematike vyjadrenia vplyvu decentralizácie verejnej správy na základné prvky ekonomiky miestnej samosprávy. | ||
| 610 | 2 | 0 | |a decentralizácia |
| 610 | 2 | 0 | |a samospráva miestna |
| 610 | 2 | 0 | |a Slovensko |
| 610 | 2 | 0 | |a správa verejná |
| 100 | 1 | |a Krnáč, Jozef | |